Statistics for Smallest Capital Cities • A-Z

Click here to take the quiz!

General Stats

  • This quiz has been taken 116 times
    (77 since last reset)
  • The average score is 17 of 24

Answer Stats

#~PopSmall CapitalHint% Correct
A22,884Andorra la VellaEurope
95%
S4,493San MarinoEurope
90%
V826Vatican CityEurope
90%
Q1,504,991QuitoAmericas
85%
Z792,875ZagrebEurope
84%
L76,420LuxembourgEurope
82%
O645,702OsloEurope
82%
U907,802UlaanbaatarAsia
77%
F1,492FunafutiOceania
75%
H59,288HoniaraOceania
74%
W252,721WindhoekAfrica
74%
D59,069DiliAsia
70%
K40,020KingstownAmericas
70%
Y1,100YarenOceania
70%
I955,629IslamabadAsia
69%
C70,000CastriesAmericas
67%
G134,599GeorgetownAmericas
67%
J372,410JubaAfrica
67%
R14,847RoseauAmericas
66%
M25,400MajuroOceania
61%
B14,034BasseterreAmericas
59%
N391NgerulmudOceania
59%
P9,900PalikirOceania
57%
T114,551ThimphuAsia
54%

Score Distribution

Percentile by Number Answered

Percent of People with Each Score

Your Score History

You have not taken this quiz since the last reset